000 00621cam a22002173a 4500
001 44813
003 PGUSA
005 20140828084025.0
008 140201s2014||||xxu|||||s|||||000 | eng d
040 _aPGUSA
_beng
042 _adc
100 1 _aSnell, Roy J.
_q(Roy Judson),
_d1878-1959
245 1 0 _aSally Scott of the Waves
_h[electronic resource] /
_cRoy J. Snell
260 _bProject Gutenberg,
_c2014
506 _aPublic domain in the USA.
516 _aElectronic text
700 1 _aMeixner, Hedwig Jo
830 0 _aProject Gutenberg
_v44813
856 4 0 _uhttp://www.gutenberg.org/ebooks/44813
942 _cEB
999 _c274064
_d274064